「ら行」で始まる市町村 - Statistics

General Stats
  • This quiz has been taken 316 times
  • The average score is 15 of 19
Answer Stats
都道府県 % Correct
礼文町 北海道 礼文郡
94%
利尻町 北海道 利尻郡
90%
留萌市 北海道
90%
栗東市 滋賀県
89%
利尻富士町 北海道 利尻郡
85%
陸前高田市 岩手県
82%
羅臼町 北海道 目梨郡
81%
六ヶ所村 青森県 上北郡
81%
龍ケ崎市 茨城県
77%
蘭越町 北海道 磯谷郡
74%
六戸町 青森県 上北郡
74%
嵐山町 埼玉県 比企郡
73%
苓北町 熊本県 天草郡
73%
陸別町 北海道 足寄郡
71%
竜王町 滋賀県 蒲生郡
71%
留夜別村 北海道 国後郡 (北方領土)
71%
利府町 宮城県 宮城郡
70%
留別村 北海道 択捉郡 (北方領土)
67%
留寿都村 北海道 虻田郡
65%
No matching quizzes found
Score Distribution
Percent of People with Each Score
Percentile by Number Answered
Your Score History
You have not taken this quiz